[Event "CRO-chT3W"]
[Site "Croatia"]
[Date "2016.03.05"]
[Round "1.2"]
[White "Zilic, Boris"]
[Black "Klasan, Elvis"]
[Result "0-1"]
[WhiteElo "2058"]
[BlackElo "1974"]
[PlyCount "152"]
[EventDate "2016.03.05"]
[EventType "team-tourn"]
[EventRounds "9"]
[EventCountry "CRO"]
[SourceTitle "CBM 171 Extra"]
[Source "ChessBase"]
[SourceDate "2016.04.26"]
[SourceVersion "1"]
[SourceVersionDate "2016.04.26"]
[SourceQuality "1"]
[WhiteTeam "Rijeka Maestral"]
[BlackTeam "Drazice Rjecina"]
[WhiteTeamCountry "CRO"]
[BlackTeamCountry "CRO"]

1. g3 g6 2. Bg2 Bg7 3. e4 e5 4. Ne2 Nc6 5. 0-0 d6 6. c3 Nf6 7. d4 0-0 8. h3 exd4 9. cxd4 Re8 10. Nbc3 Nd7 11. Be3 Nb6 12. b3 Ne7 13. Qd2 c6 14. Bg5 f6 15. Bh6 Be6 16. Rad1 d5 17. Bxg7 Kxg7 18. e5 fxe5 19. dxe5 Ng8 20. Nd4 Nh6 21. f4 Nf5 22. Nxf5+ gxf5 23. Ne2 Qe7 24. Nd4 Rad8 25. Qd3 Rf8 26. g4 Qf7 27. Rde1 c5 28. gxf5 Bxf5 29. Qg3+ Kh8 30. e6 Qe7 31. Qg5 Qxg5 32. fxg5 Bg6 33. Rxf8+ Rxf8 34. e7 Re8 35. Nb5 Be4 36. Nd6 Rxe7 37. Nxe4 dxe4 38. Rxe4 Rc7 39. Re8+ Kg7 40. Rb8 Kg6 41. Rg8+ Kf7 42. Rb8 Kg6 43. Rxb7 Rxb7 44. Bxb7 Kxg5 45. Ba6 Kf4 46. Kf2 Nd5 47. Bf1 Nc3 48. a4 Ne4+ 49. Kg2 Nd2 50. Bd3 h6 51. Bc2 Nf3 52. Kf2 Ng5 53. h4 Nf3 54. h5 Nd4 55. Bd1 a5 56. Kg2 Ke3 57. Kg3 Ke4 58. Kg4 Ke3 59. Kg3 Kd2 60. Bg4 Nxb3 61. Kf4 Nd4 62. Ke5 Kc3 63. Kf6 Kb4 64. Bd1 c4 65. Kg6 c3 66. Kxh6 Nf5+ 67. Kg6 Ne3 68. h6 Nxd1 69. h7 c2 70. h8Q c1Q 71. Qe8 Qc2+ 72. Kg5 Qxa4 73. Qe7+ Kc3 74. Qc5+ Kb2 75. Qb6+ Ka1 76. Qc5 Nb2 0-1

[Event "CRO-chT2 West"]
[Site "Croatia"]
[Date "2010.10.23"]
[Round "7.56"]
[White "Zilic, Boris"]
[Black "Samblic, Silvano"]
[Result "0-1"]
[WhiteElo "2096"]
[BlackElo "2025"]
[PlyCount "66"]
[EventDate "2010.03.27"]
[EventType "team-tourn"]
[EventRounds "9"]
[EventCountry "CRO"]
[SourceTitle "EXT 2012"]
[Source "ChessBase"]
[SourceDate "2011.11.24"]
[SourceVersion "1"]
[SourceVersionDate "2011.11.24"]
[SourceQuality "1"]

1. d3 d6 2. g3 Nf6 3. Bg2 e5 4. e4 Nc6 5. h3 h6 6. Ne2 d5 7. exd5 Nxd5 8. 0-0 Be6 9. a3 Qd7 10. Kh2 a5 11. c4 Nf6 12. Qb3 Rb8 13. Qb5 Bd6 14. Nbc3 0-0 15. Nd5 Be7 16. Nxe7+ Nxe7 17. Qxe5 Qxd3 18. Nf4 Qd6 19. Qc3 Nc6 20. Nxe6 Qxe6 21. Bf4 Rbc8 22. Rfe1 Qf5 23. Bxc6 bxc6 24. Re5 Qg6 25. Rae1 a4 26. R1e2 Nh5 27. Bd2 Rcd8 28. Qf3 Nf6 29. Qxc6 Ng4+ 30. hxg4 Qxc6 31. g5 hxg5 32. Rxg5 Rxd2 33. Rxd2 Qh6+ 0-1

[Event "CRO-chT3"]
[Site "Rijeka/Pula"]
[Date "2009.04.26"]
[Round "5"]
[White "Pejic, Igor"]
[Black "Zilic, Boris"]
[Result "1/2-1/2"]
[WhiteElo "1861"]
[BlackElo "2140"]
[PlyCount "50"]
[EventDate "2009.04.04"]
[EventType "team-tourn"]
[EventRounds "9"]
[EventCountry "CRO"]
[SourceTitle "EXT 2011"]
[Source "ChessBase"]
[SourceDate "2010.11.26"]
[SourceVersion "1"]
[SourceVersionDate "2010.11.26"]
[SourceQuality "1"]

1. e4 d6 2. d4 g6 3. g3 Bg7 4. Bg2 Nd7 5. Ne2 Ngf6 6. 0-0 0-0 7. Nbc3 Rb8 8. f4 e5 9. dxe5 dxe5 10. fxe5 Nxe5 11. Qxd8 Rxd8 12. Bg5 Rd6 13. Nb5 Rb6 14. Nxc7 Bd7 15. Bxf6 Rxf6 16. Rxf6 Bxf6 17. Nd5 Bg7 18. Rd1 Bg4 19. Kf2 Kf8 20. h3 Bd7 21. b3 Rc8 22. c4 b5 23. Ne3 bxc4 24. bxc4 Ba4 25. Rb1 Bh6 1/2-1/2

[Event "CRO-chT3"]
[Site "Rijeka/Pula"]
[Date "2009.04.05"]
[Round "2"]
[White "Zilic, Boris"]
[Black "Ilic, Veselin"]
[Result "1/2-1/2"]
[WhiteElo "2140"]
[BlackElo "2105"]
[PlyCount "57"]
[EventDate "2009.04.04"]
[EventType "team-tourn"]
[EventRounds "9"]
[EventCountry "CRO"]
[SourceTitle "EXT 2011"]
[Source "ChessBase"]
[SourceDate "2010.11.26"]
[SourceVersion "1"]
[SourceVersionDate "2010.11.26"]
[SourceQuality "1"]

1. g3 f5 2. Bg2 Nf6 3. d3 g6 4. e4 fxe4 5. dxe4 Nc6 6. f4 d6 7. Ne2 Bg7 8. 0-0 0-0 9. h3 e5 10. f5 gxf5 11. exf5 d5 12. Bg5 Ne7 13. g4 c6 14. Qc1 Qb6+ 15. Kh1 Qc5 16. Nbc3 Bd7 17. Bh6 Bxh6 18. Qxh6 Kh8 19. b4 Qc4 20. Rae1 Neg8 21. Qd2 Rae8 22. g5 Nh5 23. f6 Qh4 24. Kh2 Ngxf6 25. gxf6 Nxf6 26. Ng1 Ng4+ 27. Kh1 Nf2+ 28. Kh2 Ng4+ 29. Kh1 1/2-1/2

[Event "CRO-chT2 West"]
[Site "Rijeka"]
[Date "2005.03.19"]
[Round "1"]
[White "Zilic, Boris"]
[Black "Licardo, Renato"]
[Result "1/2-1/2"]
[WhiteElo "2155"]
[BlackElo "2120"]
[PlyCount "109"]
[EventDate "2005.03.19"]
[EventType "team"]
[EventRounds "11"]
[EventCountry "CRO"]
[SourceTitle "EXT 2007"]
[Source "ChessBase"]
[SourceDate "2006.11.23"]
[SourceVersion "1"]
[SourceVersionDate "2006.11.23"]
[SourceQuality "1"]

1. g3 e5 2. Bg2 d5 3. d3 Nc6 4. c3 Nf6 5. Qa4 Be7 6. b4 0-0 7. b5 Nb8 8. Nf3 Nbd7 9. 0-0 a6 10. Rd1 Bd6 11. Ba3 Nb6 12. Qb3 axb5 13. Bxd6 Qxd6 14. Qxb5 Bd7 15. Qb2 Ra6 16. Nbd2 Na4 17. Qc1 Rc6 18. c4 d4 19. Ng5 h6 20. Bxc6 Bxc6 21. Nge4 Nxe4 22. Nxe4 Qg6 23. f3 f5 24. Nf2 Nc3 25. Re1 Qh5 26. Qd2 g5 27. Rac1 g4 28. Rxc3 dxc3 29. Qxc3 gxf3 30. e3 f4 31. exf4 exf4 32. g4 Qg6 33. Re5 Qg7 34. d4 Rd8 35. d5 Bd7 36. h3 Ra8 37. a3 Rxa3 38. Qxa3 Qxe5 39. Qxf3 c6 40. Qd3 Kg7 41. Kg2 cxd5 42. cxd5 b5 43. Kf3 h5 44. Ne4 hxg4+ 45. hxg4 Be8 46. Qd2 Bg6 47. Qxf4 Qxd5 48. Qf6+ Kh7 49. Qe7+ Kg8 50. Kf4 Bxe4 51. Qxe4 Qd2+ 52. Qe3 Qh2+ 53. Ke4 Qg2+ 54. Kf4 Qc6 55. Qb3+ 1/2-1/2

[Event "CRO-chT"]
[Site "Pula"]
[Date "1999.09.16"]
[Round "7"]
[White "Zilic, Boris"]
[Black "Trkulja, Goran"]
[Result "1-0"]
[WhiteElo "2140"]
[BlackElo "2255"]
[PlyCount "95"]
[EventDate "1999.09.05"]
[EventType "team"]
[EventRounds "9"]
[EventCountry "CRO"]
[SourceTitle "EXT 2000"]
[Source "ChessBase"]
[SourceDate "1999.11.16"]
[SourceVersion "1"]
[SourceVersionDate "1999.11.16"]
[SourceQuality "1"]

1. e4 e6 2. d3 d5 3. Nd2 Nf6 4. Be2 Nc6 5. Ngf3 dxe4 6. Nxe4 Nxe4 7. dxe4 Qxd1+ 8. Bxd1 e5 9. Be3 Bg4 10. c3 a6 11. h3 Be6 12. Be2 f6 13. g4 g6 14. Nd2 Rd8 15. Nb3 Be7 16. Nc5 Bxc5 17. Bxc5 Ne7 18. h4 Nc8 19. g5 f5 20. h5 Kf7 21. exf5 Bxf5 22. f4 exf4 23. 0-0 Rhe8 24. Bc4+ Be6 25. Rxf4+ Kg8 26. Bf1 Rd5 27. b4 Rxg5+ 28. Kf2 Rxh5 29. Re1 Nd6 30. Bg2 b6 31. Bc6 Re7 32. Bd4 Rf5 33. Rxf5 Nxf5 34. Bf6 Kf7 35. Bxe7 Nxe7 36. Bb7 Bxa2 37. Bxa6 Bd5 38. Ke3 g5 39. Kd4 Ba8 40. Bc4+ Ke8 41. Ke5 Nc8 42. Kf6+ Kd8 43. Kxg5 Nd6 44. Bd3 Bd5 45. Bxh7 Kd7 46. Kf6 Nb5 47. Rd1 Kc6 48. c4 1-0

[Event "CRO-chT2"]
[Site "Medulin"]
[Date "1997.??.??"]
[Round "?"]
[White "Zilic, Boris"]
[Black "Mirnic, Mirko"]
[Result "1/2-1/2"]
[WhiteElo "2155"]
[BlackElo "2115"]
[PlyCount "75"]
[EventDate "1997.??.??"]
[EventType "team"]
[EventRounds "9"]
[EventCountry "CRO"]
[SourceTitle "EXT 1999"]
[Source "ChessBase"]
[SourceDate "1998.11.16"]
[SourceVersion "1"]
[SourceVersionDate "1998.11.16"]
[SourceQuality "1"]

1. g3 d5 2. Bg2 Nf6 3. d3 e6 4. Nd2 Be7 5. Ngf3 Nbd7 6. 0-0 b6 7. c4 Bb7 8. b3 c5 9. Bb2 0-0 10. cxd5 Nxd5 11. Rc1 Bf6 12. Qc2 Rc8 13. Ne4 Bxb2 14. Qxb2 N7f6 15. Rfd1 Qe7 16. Nxf6+ Nxf6 17. Qa3 Rc7 18. d4 Rfc8 19. dxc5 h6 20. Ne5 Bxg2 21. Kxg2 Rxc5 22. Rxc5 Rxc5 23. Nd3 Qb7+ 24. f3 Rc2 25. Kf2 Nd5 26. Rc1 Rxc1 27. Qxc1 Qc7 28. Qxc7 Nxc7 29. Ke3 Kf8 30. Ne5 f6 31. Nc6 a6 32. Kd4 Ke8 33. a4 e5+ 34. Kc4 Kd7 35. Nb4 Kd6 36. e4 b5+ 37. axb5 axb5+ 38. Kc3 1/2-1/2